[Event "Asian Junior Chess Championship 2018"]
[Site "Central Palace of Culture of Mongolian Trade Union, Ulaanbaatar, Mongolia"]
[Date "2018.08.19"]
[Round "1"]
[Board "1"]
[White "Khongorzul, Davaakhuu"]
[Black "Uuriintuya, Uurtsaikh"]
[Result "1/2-1/2"]
[WhiteElo "1633"]
[BlackElo "2313"]
[PlyCount "0"]
[EventDate "2018.08.19"]
[EventRounds "9"]
[EventCountry "MGL"]

1. e4 c5 2. Nf3 g6 3. g3 Bg7 4. Bg2 Nc6 5. c4
d6 6. Nc3 e6 7. Ne2 e5 8. d3 Nge7 9. b3 O-O 10.
Bb2 h6
11. O-O Be6 12. Kh1 Qd7 13. Nfg1 a6 14. f4 Rab8 15. a4
b5 16. axb5 axb5 17. Qd2 Rb6 18. Nf3 Rfb8 19. Bc3 Nd4 20.
Bxd4 exd4 21. Ra2 bxc4 22. bxc4 f5 23. e5 d5 24. Rc1
dxc4 25. dxc4 d3 26. Neg1 Rb4 27. Bf1 Bxc4 28. Rxc4 Rxc4 29.
Bxd3 Rd4 30. Nxd4 cxd4 31. Bf1 Kh7 32. Bg2 Nc6 33. Ra6
Rc8 34. Qd1 d3 35. e6 Qxe6 36. Qxd3 Nb4 37. Rxe6 Nxd3 38.
Bf1 Nc5
39. Re7 Ne4 40. Nf3 Kg8 41. Ne5 Rc1 42. Kg2 Rc2+ 43. Kg1
Bf8 44. Re8 Kg7 45. Nd7 Bb4 46. Bd3 Rc1+ 47. Kg2 Nd6 48.
Rb8 Ba3
49. Rb3 Ra1 50. Kf3 g5 51. h3 Kf7 52. Ne5+ Ke6 53. Nc4
Bc5 54. Nxd6 Bxd6 55. Bc4+ Kd7 56. Re3 gxf4 57. gxf4 Kc6 58.
Rc3 Kd7
59. Re3 Kc6 60. Rc3  1/2-1/2

[Event "Asian Junior Chess Championship 2018"]
[Site "Central Palace of Culture of Mongolian Trade Union, Ulaanbaatar, Mongolia"]
[Date "2018.08.19"]
[Round "1"]
[Board "2"]
[White "Aakanksha, Hagawane"]
[Black "Margadgua, Erdenebayar"]
[Result "1-0"]
[WhiteElo "2292"]
[BlackElo "1619"]
[PlyCount "0"]
[EventDate "2018.08.19"]
[EventRounds "9"]
[EventCountry "MGL"]

1. b3 b6 2. Bb2 Bb7 3.
Nf3 Nf6 4. d3 g6 5. e4 d6 6. Nbd2 Bg7 7. Be2 e5 8.
O-O O-O
9. Nc4 Ne8 10. Nfd2 f5 11. Bf3 f4 12. a4 a5 13. c3
Nf6 14. d4 Nbd7 15. Ba3 Re8 16. Re1 h5 17. Bxd6 cxd6 18.
Nxd6 Ba6 19. Nxe8 Qxe8 20. Be2 Bb7 21. Bb5 g5 22. dxe5 Qxe5 23. Nc4 Qe7 24. e5 Nd5 25. Qxh5 Nc5 26.
Nd6 Nxc3 27. Nf5 Qf7 28. Qxg5 Qf8 29. Bc4+ Bd5 30. Ne7+ Kh7 31. Qg6+ Kh8 32. Qh5+ Bh6 33. Ng6+ Kh7 34. Nxf8+ Rxf8 35. Bxd5 Nxd5 36. Rad1 Ne7 37. Rd6 Nf5 38. Qg6+ Kh8 39. Rf6
Rg8 40. Qxf5 Rg5 41. Rxh6+ Kg7 42. Qxg5+ Kf7 43. Qg6+ Kf8 44. Rh8+ Ke7 45. Qd6+ Kf7 46. Qf6#  1-0

[Event "Asian Junior Chess Championship 2018"]
[Site "Central Palace of Culture of Mongolian Trade Union, Ulaanbaatar, Mongolia"]
[Date "2018.08.19"]
[Round "1"]
[Board "3"]
[White "Udval, Batkhishig"]
[Black "Amina, Battsooj"]
[Result "0-1"]
[WhiteElo "1608"]
[BlackElo "2212"]
[PlyCount "0"]
[EventDate "2018.08.19"]
[EventRounds "9"]
[EventCountry "MGL"]

1. e4 e5 2. Nf3 Nc6 3. d4 exd4 4. Bc4 Nf6 5. e5
d5 6. Bb5 Ne4 7. Nxd4 Bd7 8. Bxc6 bxc6 9. O-O Bc5 10.
f3 Ng5
11. f4 Ne4 12. Be3 O-O 13. Nd2 Nxd2 14. Qxd2 f6 15. Nb3
Be7 16. Bc5 Bf5 17. Qc3 fxe5 18. fxe5 Bxc5+ 19. Nxc5 Qg5 20.
Rae1 Rae8 21. Rf2 Bg4 22. Nd3 Bh3 23. Ref1 Rxf2 24. Rxf2 Bd7 25. Nc5 Bc8 26. Qf3 Qe7 27. Nd3 h6 28.
Re2 Ba6
29. Qe3 c5 30. Re1 d4 31. Qf3 c4 32. Qd5+ Qe6 33. Qxe6+ Rxe6 34. Nc5 Rc6 35. Nxa6 Rxa6 36. Re4 c5 37.
e6 Kf8
38. Re5 Rc6 39. Kf2 Ke7 40. Kf3 d3 41. cxd3 cxd3 42. Rd5
c4 43. Rd7+ Kxe6 44. Rxg7 Kd5  0-1

[Event "Asian Junior Chess Championship 2018"]
[Site "Central Palace of Culture of Mongolian Trade Union, Ulaanbaatar, Mongolia"]
[Date "2018.08.19"]
[Round "1"]
[Board "4"]
[White "Altantuya, Boldbaatar"]
[Black "Udval, Enkhsaikhan"]
[Result "1-0"]
[WhiteElo "2174"]
[BlackElo "1599"]
[PlyCount "0"]
[EventDate "2018.08.19"]
[EventRounds "9"]
[EventCountry "MGL"]

1. d4 d5 2. c4 c6 3. Nc3 Nf6 4. e3 e6 5. Nf3
Nbd7 6. Qc2 Bd6 7. Be2 dxc4 8. Bxc4 b5 9. Bd3 Bb7 10.
O-O Rc8
11. b3 O-O 12. Rd1 b4 13. Ne4 Nxe4 14. Bxe4 f5 15. Bd3
c5 16. Qe2 Bxf3 17. Qxf3 cxd4 18. exd4 Qf6 19. Bb2 Qh6 20.
h3 Nb6
21. Rac1 Nd5 22. Bc4 Qf4 23. Qxf4 Nxf4 24. Re1 Kf7 25. Rc2
Rc7 26. Bc1 Re8 27. g3 Nd5 28. Rce2 Rce7 29. Rxe6 Rxe6 30.
Bxd5 Kf6 31. Bxe6 Rxe6 32. Be3 f4 33. gxf4 Bxf4 34. Kg2
Bxe3 35. fxe3 Rc6 36. Kf3 g5 37. Ra1 Kf5 38. a3 Ra6 39.
a4 Rc6
40. e4+ Kg6 41. Re1 Rc3+ 42. Re3 h5 43. d5 h4 44. d6
Kf7 45. Kf2 g4 46. hxg4 h3 47. Re2 Rxb3 48. Rd2 h2 49. Kg2 Rh3 50. Kh1 Rh8 51.
d7 Ke7
52. g5 Kd8 53. e5 Rh7 54. e6 b3 55. g6 Rg7 56. Rf2
Rg8 57. g7  1-0

[Event "Asian Junior Chess Championship 2018"]
[Site "Central Palace of Culture of Mongolian Trade Union, Ulaanbaatar, Mongolia"]
[Date "2018.08.19"]
[Round "1"]
[Board "5"]
[White "Khaliunaa, Gankhulug"]
[Black "Isha, Sharma"]
[Result "0-1"]
[WhiteElo "1587"]
[BlackElo "2145"]
[PlyCount "0"]
[EventDate "2018.08.19"]
[EventRounds "9"]
[EventCountry "MGL"]

1. d4 d5 2. c4 c6 3. Nc3 Nf6 4. e3 a6 5. Nf3
b5 6. b3 e6 7. Bd3 Bb4 8. Bd2 bxc4 9. bxc4 O-O 10.
a3 Ba5
11. Qc2 Nbd7 12. O-O Bc7 13. e4 dxc4 14. Bxc4 c5 15. dxc5 Nxc5 16. e5 Ng4 17. Rfe1 Bb7 18. Bg5 Qe8 19.
Bf4 f6
20. Be3 Nxe3 21. Rxe3 Bxf3 22. Rxf3 Bxe5 23. Re1 Qc6 24. Rh3
g6 25. Ne2 Rfe8 26. f4 Bc7 27. f5 Bb6 28. Kh1 Ne4 29.
Nd4 Nf2+ 30. Qxf2 Qxc4 31. Qh4 Ra7 32. Nf3 Qxh4 33. Nxh4 g5 34. Nf3 g4 35. Rg3 Rg7 36. Nh4 Bf2 37.
Rf1 Bxg3 38. hxg3 e5 39. Kg1 Rc8 40. Kh2 Rd7 41. Rb1
Rc6 42. a4 Rd4 43. a5 Ra4 44. Rb8+ Kg7 45. Rb7+ Kh6  0-1

[Event "Asian Junior Chess Championship 2018"]
[Site "Central Palace of Culture of Mongolian Trade Union, Ulaanbaatar, Mongolia"]
[Date "2018.08.19"]
[Round "1"]
[Board "6"]
[White "Chitlange, Sakshi"]
[Black "Enkhbolor, Nyamdavaa"]
[Result "1-0"]
[WhiteElo "2144"]
[BlackElo "1563"]
[PlyCount "0"]
[EventDate "2018.08.19"]
[EventRounds "9"]
[EventCountry "MGL"]

1. d4 Nf6 2. c4 g6 3. Nc3 Bg7 4. e4 d6 5. Bd3 O-O 6. Nge2 e5 7. d5 Nbd7 8. Rb1
Nc5 9. Bc2 a5 10. O-O h6 11. f3 Nh5 12. a3 f5 13. b4 Nd7 14. exf5 gxf5 15. f4 e4
16. Nd4 Ndf6 17. Ba4 Qe7 18. Nce2 Ng4 19. h3 Ngf6 20. Bd2 Qf7 21. bxa5 Kh7
22. Kh2 Rg8 23. Qc2 Bh8 24. Rg1 Qe7 25. g3 Rg6 26. Be1 Qf7 27. Ne6 Bxe6 28. dxe6
Qxe6 29. Rxb7 Qe7 30. Bc6 Rf8 31. a6 Rgg8 32. Ba5 Ng7 33. Rxc7 Qe6 34. Nd4 Ng4+
35. hxg4 Qf6 36. Nxf5 Rf7 37. Bc3 Qe6 38. Rxf7 Qxf7 39. Nxg7 Bxg7 40. Bd5 Qf8
41. Bxg8+ Qxg8 42. a7  1-0

[Event "Asian Junior Chess Championship 2018"]
[Site "Central Palace of Culture of Mongolian Trade Union, Ulaanbaatar, Mongolia"]
[Date "2018.08.19"]
[Round "1"]
[Board "7"]
[White "Bayasgalan, Khishigbaatar"]
[Black "Munkhzul, Davaakhuu"]
[Result "0-1"]
[WhiteElo "1524"]
[BlackElo "1823"]
[PlyCount "0"]
[EventDate "2018.08.19"]
[EventRounds "9"]
[EventCountry "MGL"]

1. Nf3 d5 2. d4 Nf6 3. g3 Bf5 4. Bg2 e6 5. O-O Be7 6. c4 c6 7. Nc3 O-O 8. cxd5
exd5 9. Qb3 Qc8 10. Bg5 h6 11. Bxf6 Bxf6 12. Rac1 Qd7 13. Na4 Na6 14. e3 Rfe8
15. Ne1 Rab8 16. Nd3 b6 17. Nf4 Bg5 18. Nd3 Bf6 19. Nb4 Nxb4 20. Qxb4 c5 21. Qa3
c4 22. b3 a5  0-1

[Event "Asian Junior Chess Championship 2018"]
[Site "Central Palace of Culture of Mongolian Trade Union, Ulaanbaatar, Mongolia"]
[Date "2018.08.19"]
[Round "1"]
[Board "8"]
[White "Bidhar, Rutumbara"]
[Black "Enkhsaran, Batsaikhan"]
[Result "1-0"]
[WhiteElo "2036"]
[BlackElo "1498"]
[PlyCount "0"]
[EventDate "2018.08.19"]
[EventRounds "9"]
[EventCountry "MGL"]

1. d4 d5 2. c4 c6 3. Nf3 Nf6 4. e3 e6 5. Nbd2 Nbd7 6. Bd3 Bd6 7. O-O O-O 8. e4
dxe4 9. Nxe4 Nxe4 10. Bxe4 Nf6 11. Bc2 h6 12. b3 b6 13. Bb2 Bb7 14. Ne5 Qc7
15. Qe2 Rad8 16. Rad1 Rfe8 17. Bb1 c5 18. h3 cxd4 19. Bxd4 Ba8 20. Qb2 Qb7
21. f3 Qe7 22. Nd3 Nh5 23. Be5 Bxe5 24. Qxe5 Qh4 25. Nb2 f6 26. Qe1 Qd4+ 27. Qf2
Qd6 28. g3 Qc7 29. Rde1 f5  1-0

[Event "Asian Junior Chess Championship 2018"]
[Site "Central Palace of Culture of Mongolian Trade Union, Ulaanbaatar, Mongolia"]
[Date "2018.08.19"]
[Round "1"]
[Board "9"]
[White "Khanyl, Chuluuntuya"]
[Black "Meghna, C H"]
[Result "0-1"]
[WhiteElo "1402"]
[BlackElo "1892"]
[PlyCount "0"]
[EventDate "2018.08.19"]
[EventRounds "9"]
[EventCountry "MGL"]

1. e4 e6 2. d4 d5 3. exd5 exd5 4. Nf3 Bd6 5. Bd3 Ne7 6. O-O Bg4 7. h3 Bh5
8. Be3 Nbc6 9. Nbd2 f5 10. Bg5 O-O 11. c3 Qd7 12. Bxe7 Nxe7 13. Re1 Ng6 14. Qb3
Nf4 15. Bc2 Bxf3 16. Nxf3 Qf7 17. Ne5 Bxe5 18. Rxe5 Qg6 19. g3 Nxh3+ 20. Kf1 c6
21. Qxb7 Rab8 22. Qxa7 Rxb2 23. Qa4 Qg4 24. Re3 f4 25. Rd3 fxg3 26. Rxg3 Rxf2+
27. Ke1 Qe2#  0-1

[Event "Asian Junior Chess Championship 2018"]
[Site "Central Palace of Culture of Mongolian Trade Union, Ulaanbaatar, Mongolia"]
[Date "2018.08.19"]
[Round "1"]
[Board "10"]
[White "Nomindalai, Tumurbaatar"]
[Black "Unurzul, Davaakhuu"]
[Result "1-0"]
[WhiteElo "1877"]
[BlackElo "1352"]
[PlyCount "0"]
[EventDate "2018.08.19"]
[EventRounds "9"]
[EventCountry "MGL"]

1. d4 Nf6 2. Bg5 e6 3. e4 Be7 4. Nd2 d6 5. Ngf3 O-O 6. Bd3 h6 7. Bh4 Nc6 8. c3
a6 9. O-O Nd7 10. Bxe7 Nxe7 11. Nc4 d5 12. exd5 exd5 13. Ne3 Nf6 14. Ne5 Re8
15. Bc2 Nd7 16. Qd3 Nxe5 17. Qh7+ Kf8 18. dxe5 Ng8 19. f4 c6 20. Rf3 f6 21. Rg3
Qc7 22. Qh8 b6 23. exf6 Ra7 24. Bh7 Be6 25. Rxg7 Bf7 26. Rxg8+ Bxg8 27. Qxg8#
 1-0

[Event "Asian Junior Chess Championship 2018"]
[Site "Central Palace of Culture of Mongolian Trade Union, Ulaanbaatar, Mongolia"]
[Date "2018.08.19"]
[Round "1"]
[Board "11"]
[White "Anandpara, Jayendra Saloni"]
[Black "Omurbekova, Diana"]
[Result "0-1"]
[WhiteElo "1346"]
[BlackElo "1868"]
[PlyCount "0"]
[EventDate "2018.08.19"]
[EventRounds "9"]
[EventCountry "MGL"]

1. d4 d5 2. Bf4 Nf6 3. e3 e6 4. Nf3 Be7 5. Bd3 O-O 6. Nbd2 b6 7. c3 c5 8. b3
Ba6 9. Bxa6 Nxa6 10. O-O cxd4 11. Nxd4 Qc8 12. Rc1 Qb7 13. Nb5 Rfd8 14. Qe2 Rac8
15. b4 Nb8 16. Rfe1 a6 17. Nd4 Nbd7 0-1
 0-1

[Event "Asian Junior Chess Championship 2018"]
[Site "Central Palace of Culture of Mongolian Trade Union, Ulaanbaatar, Mongolia"]
[Date "2018.08.19"]
[Round "1"]
[Board "12"]
[White "Ulziikhishigjargal, Ochirkhuyag"]
[Black "Chan, Lyanna"]
[Result "1-0"]
[WhiteElo "1858"]
[BlackElo "1324"]
[PlyCount "0"]
[EventDate "2018.08.19"]
[EventRounds "9"]
[EventCountry "MGL"]

1. e4 d6 2. d4 Nf6 3. Nc3 g6 4. f4 Bg7 5. Nf3 O-O 6. Bc4 Nbd7 7. e5 Ne8 8. e6
fxe6 9. Bxe6+ Kh8 10. Ng5 Nef6 11. Nf7+ Rxf7 12. Bxf7 e6 13. Bxe6 Qe8 14. Qe2
Nb6 15. Bxc8 Rxc8 16. O-O Qd7 17. Bd2 Re8 18. Qd3 Ng4 19. Rae1 Rf8 20. Ne4 Nd5
21. Ng5 Bf6 22. c3 Nh6 23. Qe4 c6 24. Qe6 Qe7 25. Qh3 Nf7 26. Qxh7#  1-0

[Event "Asian Junior Chess Championship 2018"]
[Site "Central Palace of Culture of Mongolian Trade Union, Ulaanbaatar, Mongolia"]
[Date "2018.08.19"]
[Round "1"]
[Board "13"]
[White "Amartuvshin, Naransolongo"]
[Black "Priyamvada, Karamcheti"]
[Result "0-1"]
[WhiteElo "1262"]
[BlackElo "1850"]
[PlyCount "0"]
[EventDate "2018.08.19"]
[EventRounds "9"]
[EventCountry "MGL"]

1. e4 c5 2. Nc3 e6 3. f4 d5 4. Bb5+ Bd7 5. Bxd7+ Qxd7 6. d3 Nc6 7. Nf3 dxe4
8. dxe4 Qxd1+ 9. Nxd1 Nf6 10. e5 Nd5 11. c3 c4 12. Nf2 b5 13. a3 Na5 14. Nd4 a6
15. Ne4 Nb7 16. Bd2 Nc5 17. Nxc5 Bxc5 18. Kd1 O-O 19. Kc2 Bxd4 20. cxd4 a5
21. g4 b4 22. axb4 axb4 23. Rxa8 Rxa8 24. Rb1 g6 25. f5 gxf5 26. gxf5 exf5
27. Bh6 Ra6 28. Bd2 f4 29. h4 Rg6 30. Re1 Rg2 31. Kc1 c3 32. bxc3 bxc3 33. Bxc3
Nxc3 34. d5 Nxd5 35. e6 fxe6 36. Rxe6 f3 37. Rd6 f2  0-1

[Event "Asian Junior Chess Championship 2018"]
[Site "Central Palace of Culture of Mongolian Trade Union, Ulaanbaatar, Mongolia"]
[Date "2018.08.19"]
[Round "1"]
[Board "14"]
[White "Oyudari, Batkhuu"]
[Black "Tsogzolmaa, Nanjid"]
[Result "1-0"]
[WhiteElo "1010"]
[BlackElo "1792"]
[PlyCount "0"]
[EventDate "2018.08.19"]
[EventRounds "9"]
[EventCountry "MGL"]

1. e4 e6 2. d4 d5 3. Nd2 a6 4. c3 c5 5. Ngf3 Nf6 6. e5 Nfd7 7. Bd3 Nc6 8. Bc2
Qb6 9. Nb3 a5 10. a4 Be7 11. O-O c4 12. Nbd2 Qc7 13. Re1 b6 14. Nf1 Ba6 15. Ng3
O-O-O 16. Bf4 h6 17. Rb1 g5 18. Be3 Kb7 19. Nh5 f5 20. exf6 Nxf6 21. Bg6 Nxh5
22. Bxh5 Bf6 23. Bd2 Rd6 24. Ne5 Bxe5 25. dxe5 Rdd8 26. Be3 d4 27. Bxd4 Nxd4
28. cxd4 Qd7 29. Re4 Ka7 30. Qc2 Bb7 31. Rg4 Rc8 32. Rd1 Bc6 33. Ra1 Rhf8 34. h3
Rf4 35. Rxf4 gxf4 36. Qd2 Rf8 37. Bd1 Rf5 38. Qc3 Bd5 39. Be2 Rg5 40. Bf3 Bxf3
41. Qxf3 Qxd4 42. Rd1 Qxd1+ 43. Qxd1 f3 44. Qxf3 Rxe5 45. Qf4 Rc5 46. Qxh6 e5
47. Qe3 Ka6 48. g4 c3 49. bxc3 Ka7 50. Qd3 e4 51. Qd4 Rc7 52. g5 Rc5 53. h4 Kb8
54. Qxe4 Rc7 55. g6 Ka7 56. Qd4  1-0

[Event "Asian Junior Chess Championship 2018"]
[Site "Central Palace of Culture of Mongolian Trade Union, Ulaanbaatar, Mongolia"]
[Date "2018.08.20"]
[Round "2"]
[Board "1"]
[White "Omurbekova, Diana"]
[Black "Aakanksha, Hagawane"]
[Result "0-1"]
[WhiteElo "1868"]
[BlackElo "2292"]
[PlyCount "0"]
[EventDate "2018.08.19"]
[EventRounds "9"]
[EventCountry "MGL"]

1. e4 e6 2. d3 d5 3. Nd2 Nf6 4. Ngf3 c5 5. g3 Nc6 6. Bg2 Be7 7. O-O O-O 8. e5
Nd7 9. Re1 b5 10. Nf1 a5 11. h4 Bb7 12. Bf4 b4 13. N1h2 Qb6 14. Bh3 Rfc8 15. Ng5
Bxg5 16. hxg5 Qd8 17. Qh5 Qe8 18. Qh4 Nd4 19. Rac1 Ba6 20. c3 bxc3 21. bxc3 Nf5
22. Bxf5 exf5 23. Rcd1 Qe6 24. g4 Nf8 25. Qh3 fxg4 26. Nxg4 Ng6 27. Bg3 Re8
28. Qh5 Nf8 29. Nf6+ gxf6 30. gxf6 Kh8 31. Kg2 Bc8 32. f3 Qf5 33. Qxf7 Qg6
34. Qxd5 Rb8 35. Rb1 Ne6 36. Qc4 Rg8 37. Qh4 Rxb1 38. Rxb1 Qxd3 39. Rb2 Ng5
40. Qf4 Ba6 41. Rf2 Ne6 42. Qe4 Qd7 43. Kh2 Ng5 44. Qh4 Bb7 45. Qh5 Bxf3
46. Rxf3 Qd1 47. Kg2 Qe2+  0-1

[Event "Asian Junior Chess Championship 2018"]
[Site "Central Palace of Culture of Mongolian Trade Union, Ulaanbaatar, Mongolia"]
[Date "2018.08.20"]
[Round "2"]
[Board "2"]
[White "Amina, Battsooj"]
[Black "Ulziikhishigjargal, Ochirkhuyag"]
[Result "0-1"]
[WhiteElo "2212"]
[BlackElo "1858"]
[PlyCount "0"]
[EventDate "2018.08.19"]
[EventRounds "9"]
[EventCountry "MGL"]

1. e4 e5 2. Nf3 Nc6 3. Bc4 Bc5 4. c3 Nf6 5. d3 d6 6. O-O O-O 7. a4 a6 8. Na3
Ba7 9. Nc2 h6 10. Be3 Be6 11. Ba2 Bxa2 12. Rxa2 d5 13. Bxa7 Rxa7 14. Qe2 Ra8
15. Raa1 Qd6 16. Ne3 dxe4 17. dxe4 Qe6 18. Nf5 g6 19. Nxh6+ Kg7 20. Qe3 Nh7
21. Ng5 Qc8 22. Nxh7 Kxh7 23. f4 Kxh6 24. f5+ g5 25. Qh3+ Kg7 26. f6+ Kg6
27. Rf5 Rh8 28. Qg3 Rh5 29. h4 Qf8 30. Rxg5+ Rxg5 31. Qxg5+ Kh7 32. Qh5+ Qh6
33. Qxf7+ Kh8 34. Rf1 Rg8 35. Rf3 Nd8 36. Qxc7 Qc1+ 37. Rf1 Qe3+ 38. Rf2 Qe1+
39. Rf1 Qxe4 40. Rf2 Ne6 41. Qd7 Nf4 42. Qd1 Nh3+ 43. Kf1 Nxf2 44. Qh5+ Qh7
45. Qxh7+ Kxh7 46. Kxf2 Kg6 47. g4 Kxf6 48. Kf3 e4+ 49. Kxe4 Rxg4+ 50. Kd5 Rxa4
51. b4 b5  0-1

[Event "Asian Junior Chess Championship 2018"]
[Site "Central Palace of Culture of Mongolian Trade Union, Ulaanbaatar, Mongolia"]
[Date "2018.08.20"]
[Round "2"]
[Board "3"]
[White "Priyamvada, Karamcheti"]
[Black "Altantuya, Boldbaatar"]
[Result "0-1"]
[WhiteElo "1850"]
[BlackElo "2174"]
[PlyCount "0"]
[EventDate "2018.08.19"]
[EventRounds "9"]
[EventCountry "MGL"]

1. d4 Nf6 2. c4 e6 3. g3 d5 4. Bg2 Be7 5. Nf3 O-O 6. O-O dxc4 7. Ne5 Nc6
8. Nxc6 bxc6 9. Na3 Bxa3 10. bxa3 Nd5 11. Qa4 Nb6 12. Qxc6 Rb8 13. Bf4 Bb7
14. Qxc7 Bxg2 15. Kxg2 Qxd4 16. Qxa7 e5 17. Be3 Qe4+ 18. Kg1 Rb7 19. Qa6 Ra8
20. Rfd1 h6 21. Qb5 Na4 22. Qd5 Qxd5 23. Rxd5 Nc3 24. Rxe5 Rxa3 25. Rc5 Ra4
26. Kf1 Nxa2 27. Bd4 c3 28. e3 Rb2 29. Rc7 Ra3 30. Rc5 Rab3 31. Kg2 Rd2 32. h4
Kh7 33. h5 Rbb2 34. Rf1 Rb3 35. Ra1 f6 36. Rc8 c2 37. Rxa2 c1=B 38. Rxc1 Rxa2
39. Rc7 Ra6 40. Kf3 Rb1 41. g4 Rf1 42. Kg2 Rd1 43. Kf3 Rd2 44. Kg3 Re6 45. Rc8
Re7 46. Rf8 Rc7 47. Ra8 Rdc2 48. Rb8 Ra2 49. Rd8 Rc1 50. Rb8 Rb1 51. Kf3 Rd1
52. Bc3 Rd5 53. Rb7 Rg5 54. Rb4 f5 55. gxf5 Rxf5+ 56. Ke4 Raxf2 57. Rb5 Rg5  0-1

[Event "Asian Junior Chess Championship 2018"]
[Site "Central Palace of Culture of Mongolian Trade Union, Ulaanbaatar, Mongolia"]
[Date "2018.08.20"]
[Round "2"]
[Board "4"]
[White "Isha, Sharma"]
[Black "Mandukhai, Myagmarsuren"]
[Result "1/2-1/2"]
[WhiteElo "2145"]
[BlackElo "1717"]
[PlyCount "0"]
[EventDate "2018.08.19"]
[EventRounds "9"]
[EventCountry "MGL"]

1. e4 e5 2. Nf3 Nc6 3. Bb5 a6 4. Ba4 Nf6 5. d3 Bc5 6. O-O d6 7. c3 O-O 8. h3 h6
9. Re1 b5 10. Bc2 Re8 11. d4 Ba7 12. a4 Bb7 13. d5 Ne7 14. Na3 Ng6 15. Bd3 c6
16. c4 bxc4 17. dxc6 Bxc6 18. Nxc4 Bxe4 19. Rxe4 d5 20. Rxe5 dxc4 21. Rxe8+ Nxe8
22. Bc2 Qxd1+ 23. Bxd1 Nd6 24. Bc2 Re8 25. Kf1 Ne4 26. Nd2 Nxf2 27. Nxc4 Nh1
28. g4 Nf2 29. Ra3 Rc8 30. Rc3 Nxh3 31. Bf5 Rc7 32. Bxg6 fxg6 33. Ne5 Rxc3
34. bxc3 g5 35. Nc6 Bc5 36. Nb8 a5 37. Nc6 Bb6 38. c4 Nf2 39. Nxa5 Nxg4 40. Nc6
Nf6 41. a5 Bc5 42. a6 Nd7 43. a7 Nb6 44. Ke2 Kf7 45. Ne5+ Ke6 46. Nd3 Bd4 47. c5
Na8 48. Kf3 Kd5 49. Ba3 Bf6 50. Nf2 Kc6 51. Ne4 Kb7 52. Nxf6 gxf6 53. Kg4 Kxa7
54. Bb2  1/2-1/2

[Event "Asian Junior Chess Championship 2018"]
[Site "Central Palace of Culture of Mongolian Trade Union, Ulaanbaatar, Mongolia"]
[Date "2018.08.20"]
[Round "2"]
[Board "5"]
[White "Munkhzul, Davaakhuu"]
[Black "Chitlange, Sakshi"]
[Result "0-1"]
[WhiteElo "1823"]
[BlackElo "2144"]
[PlyCount "0"]
[EventDate "2018.08.19"]
[EventRounds "9"]
[EventCountry "MGL"]

1. e4 c6 2. d4 d5 3. Nc3 dxe4 4. Nxe4 Nd7 5. Nf3 Ngf6 6. Ng3 e6 7. c3 Bd6
8. Bd3 Qc7 9. Bc2 b6 10. O-O Bb7 11. a4 O-O 12. Re1 c5 13. dxc5 Bxc5 14. Be3
Rad8 15. Qe2 Qc8 16. Nd4 Rfe8 17. Rad1 Qa8 18. f3 Nd5 19. b4 Be7 20. Bd2 Nf8
21. Nh5 g6 22. Nf4 Nxb4 23. cxb4 Rxd4 24. Qe5 Rxd2 25. Rxd2 Bxb4 26. Rdd1 Bxe1
27. Rxe1 Qb8 28. Qg5 Qd8 29. Qg3 Qc7 30. Bb1 Rd8 31. Kh1 Rd4 32. Be4 Bxe4
33. fxe4 Qe5 34. Qf3 f5 35. Nd3 Qa5 36. Rf1 Qc3 37. Ne5 Qxf3 38. gxf3 Rxa4
39. exf5 exf5 40. Rc1 Ra5 41. f4 Rc5 42. Rd1 Ne6 43. Nd7 Rc4 44. Re1 Nxf4
45. Kg1 Rc1 46. Rxc1 Ne2+ 47. Kf2 Nxc1 48. Nf6+ Kg7 49. Nd5 Nb3 50. Ke3 Kf7
51. Nc3 Ke6 52. Kf4 a5 53. h3 Nc5 54. Ke3 Ke5 55. h4 a4 56. Kd2 Ne4+ 57. Nxe4
Kxe4  0-1

[Event "Asian Junior Chess Championship 2018"]
[Site "Central Palace of Culture of Mongolian Trade Union, Ulaanbaatar, Mongolia"]
[Date "2018.08.20"]
[Round "2"]
[Board "6"]
[White "Lu, Miaoyi"]
[Black "Bidhar, Rutumbara"]
[Result "0-1"]
[WhiteElo "1691"]
[BlackElo "2036"]
[PlyCount "0"]
[EventDate "2018.08.19"]
[EventRounds "9"]
[EventCountry "MGL"]

1. d4 Nf6 2. c4 e6 3. g3 d5 4. Nf3 dxc4 5. Bg2 Bb4+ 6. Bd2 a5 7. O-O O-O 8. Qc2
Bxd2 9. Nbxd2 b5 10. a4 c6 11. Ne5 Nd5 12. Rfc1 f6 13. Nef3 Na6 14. Qe4 Bd7
15. Bh3 Re8 16. Nf1 Nab4 17. Qh4 Nb6 18. axb5 cxb5 19. e4 Nd3 20. Rc2 a4 21. Ne3
Rc8 22. Bf1 Nb4 23. Rd2 Qe7 24. Rad1 g5 25. Qg4 Qf7 26. Ne1 h5 27. Qe2 f5
28. Nf3 fxe4 29. Nxg5 Qg6 30. h4 N6d5 31. Bg2 Nf6 32. Nf1 Bc6 33. Nh2 Nd3
34. Qe3 b4 35. Re2 Bd5 36. Ra1 a3 37. bxa3 b3 38. Nf1 b2 39. Rb1 c3 40. Nxe4 Ng4
41. Qxd3  0-1

[Event "Asian Junior Chess Championship 2018"]
[Site "Central Palace of Culture of Mongolian Trade Union, Ulaanbaatar, Mongolia"]
[Date "2018.08.20"]
[Round "2"]
[Board "7"]
[White "Meghna, C H"]
[Black "Oyudari, Batkhuu"]
[Result "1-0"]
[WhiteElo "1892"]
[BlackElo "1010"]
[PlyCount "0"]
[EventDate "2018.08.19"]
[EventRounds "9"]
[EventCountry "MGL"]

1. e4 c5 2. Nf3 d6 3. d4 cxd4 4. Nxd4 Nf6 5. Nc3 a6 6. Bg5 e6 7. Qd2 h6 8. Be3
b5 9. f3 Bb7 10. Bd3 Nbd7 11. O-O-O Be7 12. g4 h5 13. g5 Ng8 14. g6 Ngf6
15. Rhg1 Nf8 16. gxf7+ Kxf7 17. Qg2 Rg8 18. Nce2 g6 19. f4 e5 20. Nf3 Qc7
21. Ng5+ Kg7 22. fxe5 dxe5 23. Ne6+ Nxe6 24. Qxg6+ Kh8 25. Qh6+ Nh7 26. Qxe6 Bf6
27. Nc3 Bc8 28. Qxg8#  1-0

[Event "Asian Junior Chess Championship 2018"]
[Site "Central Palace of Culture of Mongolian Trade Union, Ulaanbaatar, Mongolia"]
[Date "2018.08.20"]
[Round "2"]
[Board "9"]
[White "Uuriintuya, Uurtsaikh"]
[Black "Udval, Batkhishig"]
[Result "1-0"]
[WhiteElo "2313"]
[BlackElo "1608"]
[PlyCount "0"]
[EventDate "2018.08.19"]
[EventRounds "9"]
[EventCountry "MGL"]

1. e4 e6 2. d4 d5 3. Nd2 dxe4 4. Nxe4 Nd7 5. Nf3 Ngf6 6. Bd3 Nxe4 7. Bxe4 Nf6
8. Bg5 Be7 9. Bd3 c5 10. Qd2 cxd4 11. Nxd4 Bc5 12. Nf3 O-O 13. O-O b6 14. Rad1
Bb7 15. Qf4 Qe7 16. Ne5 Rfd8 17. Ng4 Rd4 18. Nxf6+ gxf6 19. Qxf6 Qxf6 20. Bxf6
Rd6 21. c3 Rc6 22. Be4 Rc7 23. Bd8 Bxe4 24. Bxc7 Bd5 25. b3 Rc8 26. Be5 Be7
27. c4 Bc6 28. Rd3 f6 29. Bd6 Bd8 30. b4 Kf7 31. Rh3 Be4 32. c5 Kg7 33. Ra3 a5
34. cxb6 Bxb6 35. bxa5 Ba7 36. Bf4 e5 37. Be3 Bb8 38. Rc1 Rxc1+ 39. Bxc1 Bd6
40. Rc3 Kf7 41. a6 Ke6 42. f3 Bd5 43. a7 Kd7 44. Rd3 Bc5+ 45. Be3 Bxe3+ 46. Rxe3
Kc7 47. Rb3 Bc6 48. Rc3 Kb7 49. Rxc6  1-0